000 00596cam a2200181 4500500
005 20260329001407.0
041 _afre
042 _adc
100 1 0 _aCourtine-Denamy, Sylvie
_eauthor
245 0 0 _aLes Bienveillantes - Prix Goncourt et Prix du roman de l’Académie française 2006
260 _c2006.
500 _a44
690 _aLittérature
690 _aMal
690 _aNazisme
786 0 _nPhilosophie magazine | 5 | 12 | 2006-12-01 | p. 32-33 | 1951-1787
856 4 1 _uhttps://shs.cairn.info/magazine-philosophie-magazine-2006-12-page-32?lang=fr&redirect-ssocas=7080
999 _c1804984
_d1804984